Đọc sách như một nghệ thuật /
Wedi'i Gadw mewn:
| Prif Awdur: | |
|---|---|
| Awduron Eraill: | , |
| Fformat: | Sách giấy |
| Iaith: | Vietnamese English |
| Cyhoeddwyd: |
H. :
Lao động - Xã hội,
2008.
|
| Pynciau: | |
| Tagiau: |
Ychwanegu Tag
Dim Tagiau, Byddwch y cyntaf i dagio'r cofnod hwn!
|
| Thư viện lưu trữ: | Thư viện Trường Đại học Đà Lạt |
|---|
| LEADER | 00869nam a2200337 4500 | ||
|---|---|---|---|
| 001 | DLU120133010 | ||
| 005 | ##20120328 | ||
| 040 | # | # | |a DLU |b vie |
| 041 | # | # | |a vie |h eng |
| 044 | # | # | |a vn |
| 082 | # | # | |a 028 |b AD-M |
| 100 | # | # | |a Adler, Mortimer J. |
| 245 | # | # | |a Đọc sách như một nghệ thuật / |c Mortimer J. Adler, Charles Van Doren; Hải Nhi dịch. |
| 260 | # | # | |a H. : |b Lao động - Xã hội, |c 2008. |
| 300 | # | # | |a 322 tr. ; |c 21 cm. |
| 650 | # | # | |a Đọc sách. |
| 650 | # | # | |a Hứng thú đọc sách. |
| 650 | # | # | |a Sách và đọc sách. |
| 700 | # | # | |a Hải Nhi, |e dịch. |
| 700 | # | # | |a Doren, Charles Van. |
| 923 | # | # | |a 01/2012SP |
| 991 | # | # | |a SH |
| 992 | # | # | |a 59000 |
| 994 | # | # | |a KSP |
| 900 | # | # | |a True |
| 911 | # | # | |a Nguyễn Thanh Hương |
| 925 | # | # | |a G |
| 926 | # | # | |a A |
| 927 | # | # | |a SH |
| 980 | # | # | |a Thư viện Trường Đại học Đà Lạt |